Kurs 2010 die Zukunft der Arbeit in Europa

Bibliographic Details
Main Authors: Lehari, Elga (Author), Stehr, Christoph (Author), Lemmer, Ruth (Author)
Format: Book
Language:German
PhysicalDescription:10 s. 30 cm
Published: Bonn Inter Nationes 1999
Series:Basis-Info. Sozialpolitik
Subjects:

MARC

LEADER 00000nam a2200000 a 4500
001 vtls001392439
003 SK-MaSNL
005 20260302071738.0
008 251113s1999 DE r 0 ger
020 |c [60,00] 
035 |a SNK000346740 
040 |a SNK  |b slo  |c SNK  |e AACR2 
044 |a DE 
080 |a 331.1(4)  |2 1981 
100 1 |a Lehari, Elga  |4 aut  |9 733898 
245 1 |a Kurs 2010  |b die Zukunft der Arbeit in Europa  |c von Elga Lehar, Christoph Stehr und Ruth Lemmer 
260 |a Bonn  |b Inter Nationes  |c 1999 
300 |a 10 s.  |c 30 cm 
490 1 |a Basis-Info. Sozialpolitik  |v 29/1999 
500 |a Obalový názov 
650 0 7 |a zamestnanie  |x miesta pracovné  |x čas pracovný  |z Európa  |x aspekty sociálnopolitické  |2 SNK  |9 733899 
700 1 |a Stehr, Christoph  |4 aut  |9 733900 
700 1 |a Lemmer, Ruth  |4 aut  |9 733901 
830 0 |a Basis-Info. Sozialpolitik  |9 299931 
999 |c 1153513  |d 1155443 
952 |t P60, <04>, [BOOK], {604}  |a SNK  |b SNK  |y VYP  |7 0  |p 17A0244505  |o snkOIB 2529  |i snkV 1068/2000  |0 0  |1 0  |4 0  |d 2000-07-20  |l 0  |r 2005-01-02 00:00:00  |w 2026-02-24